| 000 | 02732nam a22002897a 4500 | ||
|---|---|---|---|
| 001 | 8315 | ||
| 003 | FISKH | ||
| 005 | 20250909084715.0 | ||
| 008 | 250909b cb ||||| |||| 00| 0 eng d | ||
| 020 | _a9789996345180 | ||
| 040 |
_aFISKH _bkhr _cFISKH _dFISKH |
||
| 050 | _aPZ7 | ||
| 082 | _a895.93 | ||
| 100 | _aThayson, Annett | ||
| 245 |
_aបាបាប៉ាប៉ា : _bBarbapap / _cនិពន្ធដោយ អានណែត ថាយសិន និងថែលើស ថែឡរ ប្រសម្រួលជាភាសាខ្មែរដោយ លោកស្រី ម៉ុង គីំណា |
||
| 260 |
_aPhnom Penh : _bOpen Books, _c2016. |
||
| 300 |
_a34 pages : _bcolor illustrations ; _c17 x 24 cm |
||
| 505 | _aG | ||
| 520 | _aនៅដើមរឿង Barbapapa លូតចេញពីដីក្នុងសួនមួយ។ មនុស្សដំបូងភ័យខ្លាច ព្រោះគាត់មានរូបរាងប្លែក និងខុសពីគេ។ ដោយសារតែអារម្មណ៍ឯកោ គាត់បានចាប់ផ្តើមស្វែងរកមិត្តភក្តិ និងកន្លែងស្នាក់នៅ។ ក្នុងអំឡុងពេលនោះ Barbapapa បានបង្ហាញពីចិត្តល្អរបស់គាត់ ដោយជួយមនុស្ស និងសត្វតាមវិធីផ្សេងៗ ដូចជាក្លាយជារូបរាងប្រយោជន៍ដើម្បីជួយសង្គ្រោះពួកគេពីគ្រោះថ្នាក់។ ចុងក្រោយមនុស្សបានយល់ថា Barbapapa គឺជាមនុស្សសត្សាល្អ និងមានចិត្តអំណត់។ គាត់បានរកឃើញមិត្តភាព ការទទួលស្គាល់ និងក្រុមគ្រួសារ Barbapapa ដែលមានពណ៌ផ្សេងៗ និងអាចផ្លាស់ប្តូររាងដូចគាត់ផងដែរ។ | ||
| 520 | _aAt the beginning, Barbapapa suddenly grows from the ground in a garden. At first, people are frightened of him because he looks unusual and different. Feeling lonely, he searches for friends and a place where he belongs. Along the way, he proves his kindness by helping humans and animals in many ways — for example, saving people from danger by transforming into useful shapes. | ||
| 521 | 8 |
_a380
_bLexile estimate |
|
| 521 | 8 |
_aG
_bRaz-Plus |
|
| 650 | _aរូបរាង | ||
| 650 | _aShape | ||
| 942 |
_2ddc _cKHB _n0 |
||
| 999 |
_c8315 _d8315 |
||